Holiday Quiz

Random Holiday or Halloween Quiz
Score 0/13 Timer 05:00
0 Plays Today
hint % Correct
once upon a time, turnips were used insteadpumpkin/jack-o-lantern
94.6%
cuter than a mosquito at leastbat
93.2%
beware, lest they turn you into a newt!witch
90.5%
notoriously camera shyghost
84.3%
good luck or bad luck, depending on where you liveblack cat
79.8%
crop protectorscarecrow
78.9%
the reason for the season (according to Garfield)candy
66.8%
from classic literature and film to cheap polyester costumes...monster
65.3%
macabre tourist attractionhaunted house
62.9%
creepy any time of year, most would sayspider
49.8%
another spooky (non-mammalian) winged thingowl/crow
45.3%
provides that ambient holiday lightingmoon/stars
39.8%
look deep inside you for the answer to this oneskeleton
38%

You're not logged in!

Compare scores with friends on all Sporcle quizzes.
OR
Log In

Sporcle TV

Today on Sporcle TV


Watch our educational content, quiz creation guides, and fun videos on Sporcle TV.

Show Comments

Extras

Top Quizzes Today


Score Distribution

Paid Content

Your Account Isn't Verified!

In order to create a playlist on Sporcle, you need to verify the email address you used during registration. Go to your Sporcle Settings to finish the process.

Report this User

Report this user for behavior that violates our Community Guidelines.

Details: